<?xml version="1.0" encoding="UTF-8"?>
<record
    xmlns:xsi="http://www.w3.org/2001/XMLSchema-instance"
    xsi:schemaLocation="http://www.loc.gov/MARC21/slim http://www.loc.gov/standards/marcxml/schema/MARC21slim.xsd"
    xmlns="http://www.loc.gov/MARC21/slim">

  <leader>00399nam a2200157Ia 4500</leader>
  <controlfield tag="005">20251231105115.0</controlfield>
  <controlfield tag="008">251127s9999    xx            000 0 und d</controlfield>
  <datafield tag="020" ind1=" " ind2=" ">
    <subfield code="a">1414406916 (hardcover) | </subfield>
  </datafield>
  <datafield tag="082" ind1=" " ind2=" ">
    <subfield code="a">658.003 </subfield>
    <subfield code="b">SON-E</subfield>
  </datafield>
  <datafield tag="100" ind1=" " ind2=" ">
    <subfield code="a">Sonya D. Hill</subfield>
  </datafield>
  <datafield tag="245" ind1=" " ind2="0">
    <subfield code="a">Encyclopedia of Management</subfield>
  </datafield>
  <datafield tag="250" ind1=" " ind2=" ">
    <subfield code="a">6th ed.</subfield>
  </datafield>
  <datafield tag="260" ind1=" " ind2=" ">
    <subfield code="a">Detroit</subfield>
    <subfield code="b">Gale,</subfield>
    <subfield code="c">2009</subfield>
  </datafield>
  <datafield tag="650" ind1=" " ind2=" ">
    <subfield code="a">Management Sciences </subfield>
  </datafield>
  <datafield tag="942" ind1=" " ind2=" ">
    <subfield code="c">BK</subfield>
  </datafield>
  <datafield tag="999" ind1=" " ind2=" ">
    <subfield code="c">7115</subfield>
    <subfield code="d">7115</subfield>
  </datafield>
  <datafield tag="952" ind1=" " ind2=" ">
    <subfield code="0">0</subfield>
    <subfield code="1">0</subfield>
    <subfield code="4">0</subfield>
    <subfield code="7">0</subfield>
    <subfield code="8">Management Science </subfield>
    <subfield code="a">AUSC</subfield>
    <subfield code="b">AUSC</subfield>
    <subfield code="c">Management Science</subfield>
    <subfield code="d">2014-09-09</subfield>
    <subfield code="e">Allied Book Company</subfield>
    <subfield code="i">7519</subfield>
    <subfield code="o">658.003 SON-E</subfield>
    <subfield code="p">P8867</subfield>
    <subfield code="y">BK</subfield>
    <subfield code="z">Program Relevancy: ; Course Relevancy: Management</subfield>
  </datafield>
</record>
